| 000 | 00983nam a2200265Ia 4500 | ||
|---|---|---|---|
| 003 | GCL | ||
| 008 | 140319s9999 xx 000 0 ara d | ||
| 020 | _a9103358977 | ||
| 040 |
_aGCL / _cGCL |
||
| 082 | 0 | 4 |
_a327.16 _bم ح |
| 100 | 1 | _aمصطفى بخوش | |
| 245 | 1 | 0 |
_aحوض البحر الابيض المتوسط بعد نهاية الحرب الباردة : _bدراسة فى الرهانات والاهداف / _cمصطفى بخوش |
| 260 |
_aالقاهرة : _bدار الفجر للنشر والتوزيع ، _c2006 |
||
| 300 |
_a158 ص ؛ _c24 سم |
||
| 650 | 0 | 4 | _aالشرق الاوسط |
| 650 | 0 | 4 | _aالسياسة الدولية |
| 650 | 0 | 4 | _aالعلاقات الدولية |
| 650 | 0 | 4 | _aالجرائم السياسية |
| 650 | 0 | 4 | _aالامن القومى |
| 650 | 0 | 4 | _aالاستعمار |
| 650 | 0 | 4 | _aتوازن القوى |
| 650 | 0 | 4 | _aالحرب الباردة |
| 650 | 0 | 4 | _aالعالم العربى - الامن القومى |
| 942 |
_2ddc _cBK |
||
| 999 |
_c8334 _d8334 |
||